00623nam a2200205Ia 4500003000900000008004100009040001300050040001300063041000800076100002200084245004200106260001300148260000900161300000900170300001000179490000600189942000700195999001700202952019800219IT-RoPAU120407s9999 xx 000 0 und d aIT-RoPAU cIT-RoPAU aita aLudwig von Pastor aSisto V il creatore della nuova Roma aVaticana c1922 bXXXI c28 cm v1 cBK c21311d21311 00102ddc406922_00000000000000071aPAULUSbPAULUSd2012-04-11l0o922.0r2012-04-11 00:00:00w2012-04-11yBKzInserito da: Mario In data: 19 settembre 2011 fondo: Via A.Severo 56 Progr:32959